000 00434nam a2200157Ia 4500
008 220803s9999 xx 000 0 und d
020 _a978-93-80283-39-5
041 _aeng
082 _a823 CAN/HAN
100 _aCanfield J
_928135
245 _aChicken Soup For The Indian Romantic Soul
260 _aChennai
_bWestland Ltd
_c2009
300 _a350p
650 _aEnglish Literature
_928136
700 _aCanfield J Hansen M V
_928137
999 _c17865
_d17865